00528 2200205 4500001002100000005001500021035002000036245005100056100001700107250001200124300003200136260002500168082001100193084001700204020002200221650001000243650001400253008004100267990001400308INLIS00000000000200920260413095843 a0010-04260000081 aBudidaya Cabai di Lahan Sempit /cNeti Suriana0 aNeti Suriana aCet III a140 hlm. :bilus. ;c23 cm. bInfra Pustaka,c2019 a635.64 a635.64 NET b a978-602-17535-7-6 4aCabai 4aWirausaha260413 0 ind  a202500619